Mystery XI #15 - Statistics

General Stats
  • This quiz has been taken 56 times
  • The average score is 5 of 11
Answer Stats
Answer % Correct
Jose Sa
80%
Mathieu Valbuena
57%
Konstantinos Tsimikas
55%
Youssef El Arabi
51%
Mohamed Camara
41%
Ousseynou Ba
37%
Pape Abou Cisse
37%
Omar Elabdellaoui
31%
Andreas Bouchalakis
29%
Guilherme
22%
Lazar Randjelovic
18%
No matching quizzes found
Score Distribution
Percent of People with Each Score
Percentile by Number Answered
Your Score History
You have not taken this quiz